Psych: Nicknames for Gus Quiz Stats

 Plays Quiz Updated Sep 10, 2013

Support Sporcle.
Go Orange.
Score 0/30 Timer 05:00
0 Plays Today
% Correct
MC Clap Yo Handz
89.8%
Ghee Buttersnaps
89%
Gus T.T. Showbiz
88.4%
Gus 'Silly Pants' Jackson
88.3%
Black Magic
85.8%
Jazz Hands
85.4%
Magic Head
84.9%
Burton 'Oil Can' Guster
84.9%
John Jacob Jingley Schmidt
84.4%
Hollabackatcha
83.9%
Methuselah Honeysuckle
83.8%
Chocolate Columbo
83.8%
Ovaltine Jenkins
83%
Original G-String AKA Crowd Pleasa
82.2%
Hummingbird Saltalamacchia
81%
% Correct
Squirts MacIntosh
78.5%
Lemongrass Gogulope
76.6%
Ernesto Agapito Garces con ya de Abelar
76.5%
G-Force
76.4%
Santonio Holmes
76.1%
Control Alt Delete
76%
Bruton 'Gasty' Gaster
72.2%
Shawn
70.2%
Die Harder
69.5%
Paddy Simcox
64%
Sterling Cooper
59%
Rich Fingerland
58.9%
Wally Ali
52.3%
Francois
43.8%
Harry Munroe
40.4%

You're not logged in!

Compare scores with friends on all Sporcle quizzes.
OR
Log In

From the Vault

Movie Word Quintets V

by Larryholmes79

Quint stalling. There's so many movies left to watch.
Remove Ads.
Support Sporcle.
Get the best of Sporcle when you Go Orange. This ad-free experience offers more features, more stats, and more fun while also helping to support Sporcle. Thank you for becoming a member.

Show Comments

Extras

Top Quizzes Today


Score Distribution

Your Account Isn't Verified!

In order to create a playlist on Sporcle, you need to verify the email address you used during registration. Go to your Sporcle Settings to finish the process.

Report this User

Report this user for behavior that violates our Community Guidelines.

Details: